A Szegedi Tudományegyetem részeként működik tovább a szentesi kórház

Elmentve itt :
Bibliográfiai részletek
Dokumentumtípus: Cikk
Megjelent: 2023-07-11
Sorozat:Mti.hu
Kulcsszavak:Szent-Györgyi Albert Klinikai Központ - SZAKK, Csongrád-Csanád Megyei Dr. Bugyi István Kórház - Szentes, Szervezeti összevonás, Új fenntartó - Szegedi Tudományegyetemért Alapítvány, Betegellátás, Orvoshiány, Új elnevezés - SZTE SZAKK Dr. Bugyi István Szentesi Multidiszciplináris Centrum, Rovó László - rektor, Lengyel Csaba - SZAKK centrumelnök, Farkas Sándor - miniszterhelyettes - parlamenti államtitkár
Online Access:http://univ.bibl.u-szeged.hu/66950
LEADER 00947nab a2200157 i 4500
001 univ66950
005 20230712170728.0
008 230712s2023 hu o 0|| hun d
040 |a SZTE UnivHistória Repozitórium  |b hun 
041 |a hun 
245 0 2 |a A Szegedi Tudományegyetem részeként működik tovább a szentesi kórház  |h [elektronikus dokumentum] 
260 |c 2023-07-11 
490 0 |a Mti.hu 
561 |a Egyetemi hirarchívum 
695 |a Szent-Györgyi Albert Klinikai Központ - SZAKK, Csongrád-Csanád Megyei Dr. Bugyi István Kórház - Szentes, Szervezeti összevonás, Új fenntartó - Szegedi Tudományegyetemért Alapítvány, Betegellátás, Orvoshiány, Új elnevezés - SZTE SZAKK Dr. Bugyi István Szentesi Multidiszciplináris Centrum, Rovó László - rektor, Lengyel Csaba - SZAKK centrumelnök, Farkas Sándor - miniszterhelyettes - parlamenti államtitkár 
856 4 0 |u http://univ.bibl.u-szeged.hu/66950/1/MTI.pdf  |z Dokumentum-elérés